Who's the Clown? - Album (Audrey Hobert) - Statistics

General Stats
  • This quiz has been taken 65 times
  • The average score is 10 of 12
Answer Stats
# Title % Correct
2. Sue me
100%
5. Bowling alley
93%
1. I like to touch people
93%
11. Phoebe
93%
6. Thirst trap
93%
12. Silver Jubilee
88%
7. Chateau
83%
8. Sex and the city
83%
9. Shooting Star
78%
3. Drive
75%
4. Wet hair
75%
10. Don't go back to his ass
73%
No matching quizzes found
Score Distribution
Percent of People with Each Score
Percentile by Number Answered
Your Score History
You have not taken this quiz